| 000 | 00583nam a2200169 a 4500 | ||
|---|---|---|---|
| 001 | 000035114 | ||
| 005 | 20200930074120.0 | ||
| 008 | 111025s1953 ag 000 0 spa d | ||
| 040 |
_aDO-SdBNP _bspa _cBNPHU |
||
| 082 |
_axxxx _bxxxx |
||
| 100 | 1 |
_aMarcel, Gabriel _960791 |
|
| 245 | 1 | 3 |
_aEl misterio del ser / _cGabriel Marcel ; traducción María Eugenia Valentié. |
| 260 |
_aBuenos Aires, : _bSudamericana, _c1953. |
||
| 300 |
_a357 p. ; _c21 cm. |
||
| 590 | _aPerteneció a la biblioteca personal de Juan Isidro Jimenes Grullón | ||
| 700 | 1 |
_aValentié, María Eugenia, _etr. _960792 |
|
| 999 |
_c34605 _d34605 |
||